Под знаменем Октября: сборник документов и материалов 25октября (7 ноября)1917 г. -7 ноября 1923 г.; в 2 т.; Т. 2 : Великая Октябрьская Социалистическая революция и революционное движение в Болгарии

Opis bibliograficzny
organizacja autorów: Институт марксизма-ленинизма, СССР Главное архивное управление
Kolejni autorzy: Жаров Л. И. (составитель), Горонова М.
Język:rosyjski
Wydane: Москва, Политбюро, 1981
Hasła przedmiotowe:
Format: MixedMaterials Książka
KOHA link:https://koha.lib.tpu.ru/cgi-bin/koha/opac-detail.pl?biblionumber=364134

MARC

LEADER 00000nam0a2200000 4500
001 364134
005 20231102011646.0
035 |a (RuTPU)RU\TPU\retro\21492 
090 |a 364134 
100 |a 20211028d1981 km y0rusy50 ca 
101 0 |a rus 
102 |a RU 
105 |a ac z 001zy 
200 1 |a Под знаменем Октября   |e сборник документов и материалов 25октября (7 ноября)1917 г. -7 ноября 1923 г.  |e в 2 т.  |h Т. 2 : Великая Октябрьская Социалистическая революция и революционное движение в Болгарии  |f Институт марксизма-ленинизма ; СССР, Главное архивное управление ; под ред. ; сост. Л. И. Жаров, М. Горонова 
210 |a Москва  |c Политбюро  |a София  |c Идз-во Болгарской коммунистической партии  |d 1981 
215 |a 606 с.  |c ил. 
320 |a Перечень документов: с. 569-587 
320 |a Указатель периодических изданий: с. 588-591 
320 |a Указ. имен: с. 597-605 
606 1 |a Октябрьская революция 1917 в России  |x Историческое значение  |2 stltpush  |3 (RuTPU)RU\TPU\subj\66161  |9 82375 
606 1 |a Болгария  |x История  |2 stltpush  |3 (RuTPU)RU\TPU\subj\67618  |9 83342 
610 1 |a революционное движение 
610 1 |a документы 
610 1 |a материалы 
610 1 |a международные отношения 
610 1 |a коммунистические партии 
610 1 |a партийное руководство 
610 1 |a торговые отношения 
610 1 |a дипломатические отношения 
686 |a Т3(2)611-08  |v LBC/SL-A  |2 rubbk 
686 |a Т3(4Бол)  |v LBC/SL-A  |2 rubbk 
702 1 |a Жаров  |b Л. И.  |4 220 
702 1 |a Горонова  |b М.  |4 220 
712 0 2 |a Институт марксизма-ленинизма  |c (Москва)  |c (1956-1991)  |2 stltpush  |3 (RuTPU)RU\TPU\col\4702  |9 24006 
712 0 1 |a СССР  |b Главное архивное управление  |c (1960-1991)  |2 stltpush  |3 (RuTPU)RU\TPU\col\14708  |9 25992 
801 1 |a RU  |b 63413507  |c 20211028 
942 |c BK